Saltar al contenido
Inicio
Centros participantes
Catálogo
Servicios
Contacto
登錄
English
Deutsch
Español
Français
Italiano
日本語
Nederlands
Português
Português (Brasil)
中文(简体)
中文(繁體)
Türkçe
עברית
Gaeilge
Cymraeg
Ελληνικά
Català
Euskara
Русский
Čeština
Suomi
Svenska
polski
Dansk
slovenščina
اللغة العربية
বাংলা
Galego
Tiếng Việt
Hrvatski
हिंदी
Հայերէն
Українська
Sámegiella
語言
全文檢索
題名
作者
主題
索引號
ISBN/ISSN
標簽
檢索
高級檢索
Preguntas frecuentes en torno...
引用
推薦此
打印
導出紀錄
導出到 RefWorks
導出到 EndNoteWeb
導出到 EndNote
加到收藏夾
Enlace Permanente
Agregar primera valuación
Preguntas frecuentes en torno al estudio del género y economía /
Guardado en:
書目詳細資料
主要作者:
Cooper, Jennifer Ann
格式:
Texto
主題:
ECONOMIA
FEMENISMO
GENERO
TEORIA
標簽:
添加標簽
沒有標簽, 成為第一個標記此記錄!
持有資料
實物特徵
您的評論
相似書籍
職員瀏覽
MARC
LEADER
00000 a a2200000 04500
001
5346
003
040
100
|a
Cooper, Jennifer Ann
245
|a
Preguntas frecuentes en torno al estudio del género y economía /
|c
Jennifer Ann Cooper
650
|a
ECONOMIA
650
|a
FEMENISMO
650
|a
GENERO
650
|a
TEORIA
773
|g
número 324; páginas 5-11
999
|c
24715
|d
24715
相似書籍
Dominación patriarcal, feminismo, género y liberación /
由: Gutiérrez, Germán
Feminismo y discurso de género: reflexiones preliminares para un estudio sobre feminismo latinoamericano /
由: Restrepo, Alejandra
Psicoanálisis y género: debates en el foro /
由: Meler, Irene
Aportaciones sociológicas al estudio de la salud mental de las mujeres /
由: Ordorika Sacristán, Teresa
Democracia de género: una propuesta para mujeres y hombres del siglo XXI /